00327nam a22001217a 4500020001800000082001200018245006500030250001200095260005600107300001000163650001300173650001900186 a9789354655500 aO9 C399 aRSSDI Textbook of Diabetes MellituscEdited by Rajeev Chawla a5th Ed. aNew DelhibJaypee Brothers Medical Publishersc2023 a804p. aDiabetes aEndrocrinology